Tribhuvan University Central Library

Studies on the ovarian morphology of the sand loach lepidocephalichthys guntea (Ham) (Record no. 11133)

MARC details
000 -LEADER
fixed length control field 007250000a22003010004500
003 - CONTROL NUMBER IDENTIFIER
control field Jha
005 - DATE AND TIME OF LATEST TRANSACTION
control field 20120907080014.0
082 ## - DEWEY DECIMAL CLASSIFICATION NUMBER
Classification number 597
Item number Su14s
-- D
041 ## - LANGUAGE CODE
Language code of text/sound track or separate title Eng
100 ## - MAIN ENTRY--PERSONAL NAME
Personal name Subba, Bharat Raj
245 ## - TITLE STATEMENT
Title Studies on the ovarian morphology of the sand loach lepidocephalichthys guntea (Ham)
260 ## - PUBLICATION, DISTRIBUTION, ETC. (IMPRINT)
Place of publication, distribution, etc Kathmandu, Nepal
260 ## - PUBLICATION, DISTRIBUTION, ETC. (IMPRINT)
Date of publication, distribution, etc 1985
300 ## - PHYSICAL DESCRIPTION
Extent 34p.
Other physical details figs
500 ## - GENERAL NOTE
General note Bibliography:p. 27-34
518 ## - DATE/TIME AND PLACE OF AN EVENT NOTE
Date/time and place of an event note 940913
530 ## - ADDITIONAL PHYSICAL FORM AVAILABLE NOTE
Additional physical form available note Dis
502 ## - DISSERTATION NOTE
Dissertation note Dissertation
-- Degree in Zoology, Tribhuvan University
650 ## - SUBJECT ADDED ENTRY--TOPICAL TERM
Topical term or geographic name as entry element Zoology
650 ## - SUBJECT ADDED ENTRY--TOPICAL TERM
Topical term or geographic name as entry element Fishes
650 ## - SUBJECT ADDED ENTRY--TOPICAL TERM
Topical term or geographic name as entry element Ovaries
650 ## - SUBJECT ADDED ENTRY--TOPICAL TERM
Topical term or geographic name as entry element Morphology
650 ## - SUBJECT ADDED ENTRY--TOPICAL TERM
Topical term or geographic name as entry element Spawning
650 ## - SUBJECT ADDED ENTRY--TOPICAL TERM
Topical term or geographic name as entry element Theses
650 ## - SUBJECT ADDED ENTRY--TOPICAL TERM
Topical term or geographic name as entry element Sand leach
942 ## - ADDED ENTRY ELEMENTS (KOHA)
Koha item type General Collections
Holdings
Withdrawn status Lost status Damaged status Not for loan Home library Current library Date acquired Total Checkouts Barcode Date last seen Price effective from
        Tribhuvan University Central Library Tribhuvan University Central Library 06/20/2010   D1708 06/20/2010 06/20/2010